| 000 | 02118nam a2200349 i 4500 | ||
|---|---|---|---|
| 001 | 768714001 | ||
| 003 | CO-MdFUSB | ||
| 005 | 20210211114603.0 | ||
| 007 | ta | ||
| 008 | 200530t2010 sp |||| |||| 00| 0 spa d | ||
| 020 | _a9789876092289 | ||
| 040 |
_aCO-MdFUSB _bspa _cCO-MdFUSB _dCO-MdFUSBC _erda |
||
| 041 | _aspa | ||
| 082 |
_223 _a320.96 _bS731 |
||
| 100 |
_aSoyinka, Wole, _eautor |
||
| 245 |
_aPartirás al amanecer _c/ Wole Soyinka |
||
| 264 | 1 |
_aBarcelona, España : _bEl Ateneo, _c[2010] |
|
| 264 | 4 | _c© 2010 | |
| 300 |
_a728 páginas _c; 22 cm |
||
| 336 |
_2rdacontent _atexto _btxt |
||
| 337 |
_2rdamedia _asin mediación _bn |
||
| 338 |
_2rdacarrier _avolumen _bnc |
||
| 520 | _aDurante su regreso a Nigeria, a finales de 1959, y después de pasar cinco años en Inglaterra, Wole Soyinka, emprendió un largo viaje por el este del continente africano para estudiar las diversas manifestaciones del mito y del ritual, por su capacidad de representar la inalterable identidad cultural de la región en unos tiempos de cambio político. Para Soyinka, la vida es un viaje, y el mal estado de las carreteras de su país, una metáfora de lo difícil que resulta en África recorrer el camino hacia las libertades En este apasionante volumen autobiográfico, que tiene mucho de testimonio reivindicativo de los derechos humanos, Soyinka nos enseña qué significa ser un intelectual comprometido. Rememora su vida de escritor y activista político, desde sus días de estudiante en Gran Bretaña, su lucha constante, a veces desde la prisión o desde el exilio, contra la sucesión de dictaduras en Nigeria, contra la humillación y la corrupción de una sociedad sometida al poder militar. El discurso autobiográfico está entreverado de episodios personales, de amigos y familiares, de viajes al extranjero y de escritores, de éxitos y fracasos personales. | ||
| 563 | _aPasta dura | ||
| 650 | 7 |
_9409 _aBiografía |
|
| 653 | _aPolítica activista | ||
| 653 | _aPrisioneros políticos -- África. | ||
| 653 | _aNigeria. | ||
| 653 | _aPolítica y gobierno. | ||
| 942 | _cBK | ||
| 945 | _aJTF-925 | ||
| 999 |
_c65930 _d65930 |
||